Fortnite all ammo - Statistics

General Stats
  • This quiz has been taken 38 times
  • The average score is 3 of 5
Answer Stats
Answer % Correct
Rockets
80%
Heavy Bullets
66%
Medium Bullets
66%
Light Bullets
57%
Shells
51%
No matching quizzes found
Score Distribution
Percent of People with Each Score
Percentile by Number Answered
Your Score History
You have not taken this quiz